Top 50 DI NCAA Schools with Most Women's March Madness Game Wins - Statistics

General Stats
  • This quiz has been taken 165 times
  • The average score is 33 of 50
Answer Stats
Rank Team % Correct
1 UConn
100%
11 Texas
97%
20 North Carolina
93%
34 Oregon
93%
14 South Carolina
93%
35 Florida
92%
2 Tennessee
92%
7 Duke
91%
37 Michigan
91%
10 LSU
89%
38 USC
88%
36 Arizona
87%
9 Georgia
86%
33 Kansas
86%
26 Michigan St
86%
17 Oklahoma
86%
19 Florida State
84%
23 Iowa
84%
8 Maryland
81%
40 Virginia
81%
21 Arizona St
80%
18 Texas A&M
79%
28 Iowa St
78%
29 Oregon St
78%
25 Penn St
78%
4 Notre Dame
77%
31 Kansas St
76%
12 NC St
76%
24 Colorado
74%
3 Stanford
73%
6 Baylor
72%
48 Georgia Tech
72%
45 Missouri
68%
22 Auburn
67%
39 Vanderbilt
64%
27 Mississippi St
61%
16 Purdue
61%
15 Rutgers
61%
43 Gonzaga
47%
42 Temple
30%
46 Xavier
29%
5 Louisiana Tech
28%
44 Creighton
26%
30 DePaul
24%
13 Old Dominion
16%
47 Dayton
15%
32 Missouri St
13%
41 Western Kentucky
7%
49 Stephen F. Austin
3%
50 Long Beach St
2%
No matching quizzes found
Score Distribution
Percent of People with Each Score
Percentile by Number Answered
Your Score History
You have not taken this quiz